Catalog

Record Details

Catalog Search



Transsexualita - mezilidské vztahy se zaměřením na vztahy partnerské : bakalářská práce Cover Image Book Book

Transsexualita - mezilidské vztahy se zaměřením na vztahy partnerské : bakalářská práce Petra Procházková ; Vedoucí práce: Anna Klimešová

Record details

  • Physical Description: 52 s.

Content descriptions

Bibliography, etc. Note:
bibliogr. s. 51

Available copies

  • 1 of 1 copy available at Common Catalog SPOK.

Holds

  • 0 current holds with 1 total copy.
Show Only Available Copies
Location Call Number / Copy Notes Barcode Shelving Location Status Due Date
Jabok Library ABP-1422 424480022821 Absolventské práce Reference -

Electronic resources

Version of Resource: Plný text


LDR 00709ntm a22 a 4500
00113473
003CZ-PrJAB
00520210216091431.0
008090520s2008 xr e |||| |cze
009cz
035 . ‡a(CONS)13473
035 . ‡aKPS0018764
0410 . ‡acze
10011. ‡715024 ‡aProcházková, Petra
110 2. ‡aEvangelická teologická fakulta Univerzity Karlovy
2451 . ‡aTranssexualita - mezilidské vztahy se zaměřením na vztahy partnerské : ‡bbakalářská práce ‡cPetra Procházková ; Vedoucí práce: Anna Klimešová
260 . ‡aPraha ‡c2008
300 . ‡a52 s.
504 . ‡abibliogr. s. 51
653 . ‡atranssexualita ‡apartnerské vztahy ‡amezilidské vztahy ‡agender
70011. ‡713492 ‡aKlimešová, Anna
999 . ‡a1422- ‡c1422- ‡i424480022821 ‡tP
999 . ‡a1472- ‡c1472- ‡i424480023493 ‡tP
910 . ‡aABG312
85641. ‡uhttps://dspace.cuni.cz/handle/20.500.11956/19460 ‡yPlný text
901 . ‡a13473 ‡bCZ-PrJAB ‡c13473 ‡tbiblio

Additional Resources